Dear Olly (Запис № 18031)

000 -Маркер запису
Контрольне поле сталої довжини 03168nam a22002297a 4500
003 - Належність контрольного номера
Контрольне поле Uzh_bibl
008 - Кодовані дані
Контрольне поле сталої довжини 260525b |||||||| |||| 00| 0 ukr d
020 ## - Індекс ISBN
ISBN 978-0-00-787477-4
Ціна 100.00
040 ## - Джерело каталогіз.
Код мови каталог. укр.
041 ## - Код мови видання
Код мови оригіналу англійська
Код мови тексту англійська
080 ## - Індекс УДК
Індекс УДК 821(410)
090 ## - Шифри
Поличний індекс 821(410)
Авторський знак М 83
100 ## - Автор
Автор Morpurgo, Michael
245 ## - Назва
Назва Dear Olly
Фізичний носій Text
Відповідальність il. Christine Birmingham
260 ## - Вихідні дані
Місце видання London
Видавництво Clays Ltd
Дата видання 2000
300 ## - Фізичний опис
Обсяг 120 s.
Ілл./тип відтвор. il.
520 ## - Анотація
Анотація Віком 9-11 років Майкл Морпурго має унікальний стиль письма, який перетворює буденне на надзвичайне з ліричним відтінком, що робить його беззаперечною великою діячою у світі дитячої літератури. Тут, у «Дорогий Оллі», Морпурго оживляє історію однієї родини з приголомшливою простотою, яка водночас захоплює і є поетичною у виконанні. Брат Оллі, Метт, завжди мріяв бути клоуном, і, побачивши становище дітей Африки, вирішує полетіти в сімейне гніздо, щоб перенести свої навички в місце, де немає сміху. Для його родини це яскравий, розумний хлопець із сяючими майбутніми злетами і відлітками, які вирушають у невідоме, залишаючи по собі слід тривог і відчуття неминучої загибелі. Оллі доручено доглядати за сім'єю шпаків, за якими вона та її брат доглядають у саду. Після раптового відходу Метта гніздо спустошене, залишаючи лише одного пташеня живим і приголомшеним. Оллі доглядає його, повертаючи його до здоров'я, і дає йому ім'я Геро. Саме довгий і небезпечний політ Героя до Африки пов'язує історію Оллі, яка вдома з матір'ю в Англії, з новим життям Метта в Африці. Розказана трьома голосами — Оллі, Геро та Метта — історія охоплює континенти і дарує любов і рішучість у зворушливу, змушуючу до роздумів історію, що зворушує душу. Прекрасна книга, сповнена справжнього тепла й гідності, «Дорогий Оллі» — незвичайна робота, яка заслуговує на місце на книжковій полиці кожної дитини. --Сьюзен Гаррісон.
521 ## - Примітка про цільове призначення
Примітка про цільове призначення Для підлітків
546 ## - Примітка про мову
Примітка про мову укр.
650 ## - Тематичні рубрики
Основна рубрика Літературно-художне видання
942 ## - ADDED ENTRY ELEMENTS (KOHA)
Джерело класифікації чи схема поличного розташування
Koha item type Книги
Фонди
Статус вилучення Статус втрати/відсутності Джерело класифікації чи схема поличного розташування Статус пошкодження Тип обігу (не для випозичання) Постійне розташування Поточне розташування Дата надходження Джерело надходження (постачальник) Інвентарний номер Total Checkouts Повний (примірниковий) шифр зберігання Штрих-код Date last seen Дата, для якої чинна ціна заміни Тип одиниці (рівень примірника)
          Бібліотека-філія № 1 для дітей Бібліотека-філія № 1 для дітей 23/04/2026 Подаровані 80884   821(410) 19449 01/06/2026 01/06/2026 Книги

Працює на АБІС Коха